Statistics for Largest cities by river

Click here to take the quiz!

General Stats

  • This quiz has been taken 62 times
    (41 since last reset)
  • The average score is 12 of 25

Answer Stats

RiverCities% Correct
DanubeVienna
92%
DanubeBudapest
86%
MississippiNew Orleans
81%
MississippiSaint Louis
81%
YangtzeShanghai
81%
DanubeBratislava
78%
DanubeBelgrade
76%
MississippiMinneapolis
73%
VolgaVolgograd
68%
GangesKolkata
65%
MississippiMemphis
62%
YangtzeWuhan
59%
YangtzeChongqing
49%
YangtzeNanjing
46%
VolgaNizhny Novgorod
38%
VolgaSamara
38%
VolgaKazan
30%
MississippiBaton Rouge
27%
VolgaSaratov
27%
GangesVaranasi
27%
GangesKanpur
16%
DanubeNovi Sad
16%
GangesPatna
16%
GangesAllahabad
8%
YangtzeYichang
3%

Score Distribution

Percentile by Number Answered

Percent of People with Each Score

Your Score History

You have not taken this quiz since the last reset